équipes du top 14 - Statistiques

Statistiques générales
  • Ce quiz a été pris 74 fois
  • Le résultat moyen est 9 sur 14
Statistiques - réponses
Réponse % Correct
Stade toulousain
98%
RC Toulon
89%
Union Bordeaux Bègles
83%
Stade Français Paris
78%
Stade rochelais
76%
LOU rugby (Lyon)
70%
Aviron Bayonnais
67%
USA perpignan
67%
Racing 92
63%
Castres Olympiques
59%
ASM Clermont Auvergne
41%
Section Paloise
35%
Montpelier Hérault Rugby
28%
RC Vannes
15%
Aucun quiz correspondant
Distribution des résultats
% des personnes avec chaque résultat
Percentile par nombre de réponses
Votre historique - résultats
Vous n’avez pas pris ce quiz